Statistics for Characters by the quotes

Click here to take the quiz!

General Stats

  • This quiz has been taken 17 times
  • The average score is 6 of 15

Answer Stats

HintAnswer% Correct
first rule of Fight Club is, you do not talk about Fight ClubTyler Durden
88%
RosebudCharles Kane
75%
Live long and prosporSpock
75%
You can't handle the truth!col. Jessup
50%
The game is afoot!Sherlock Holmes
50%
Alrighty then!Ace Ventura
38%
flames on on the side of my face!Ms. White
38%
I believe in two thing: discipline and the bible, here you'll receive bothWarden Norton
38%
The donut hole in a donut's holeBenoit Blanc
25%
I thought we were gonna get television, truth is television got us.Dick Goodwin
25%
Damn my leg!John Watson
25%
Ned I would love to stay here and talk with you... but I'm not going toPhil Conners
25%
Wh'os the head bull-goose loony around here?R.P Mcmurphy
25%
Essence!Scientist (Skektek)
25%
I always come back!Willaim Afton
25%

Score Distribution

Percentile by Number Answered

Percent of People with Each Score

Your Score History

You have not taken this quiz